Vista normal
Vista MARC
Entrada Meeting Name
Número de registros utilizados en: 1
001 - CONTROL NUMBER
- control field: 8138
003 - CONTROL NUMBER IDENTIFIER
- control field: OSt
005 - DATE AND TIME OF LATEST TRANSACTION
- control field: 20200729174052.0
008 - FIXED-LENGTH DATA ELEMENTS
- fixed length control field: 200729|| aca||aabn | a|a d
040 ## - CATALOGING SOURCE
- Original cataloging agency: OSt
- Transcribing agency: OSt
111 ## - HEADING--MEETING NAME
- Meeting name or jurisdiction name as entry element: Seminario Internacional Instituciones Judiciales y Democracia
- Date of meeting or treaty signing: (2010 :
- Location of meeting: Bogotá)
670 ## - SOURCE DATA FOUND
- Source citation: Work cat.: (OSt)4295: Seminario Internacional Instituciones Judiciales y Democracia (2010 : Bogotá), Reflexiones con ocasión del bicentenario de la independencia y del centenario del acto legislativo 3 de 1910 : , 2011